| 000 | 01383 a2200205 4500 | ||
|---|---|---|---|
| 001 | 41314 | ||
| 005 | 20260407155707.0 | ||
| 008 | 260407a2014 arg spa d | ||
| 003 | AR-UNSa-BCEJYS | ||
| 040 |
_aAR-UNSa-BCEJYS _bspa _cAR-UNSa-BCEJYS |
||
| 080 |
_a34 _xDerecho |
||
| 245 | 1 | 0 | _aDigesto Jurídico Argentino |
| 264 | 1 |
_aBuenos Aires : _bErreius _c2014 |
|
| 300 |
_a93 p. _c26 cm. |
||
| 505 | _a1. El digesto jurídico argentino fue aprobado por el congreso nacional / Eugenia Pruzzo - 2. Digesto jurídico argentino. Algunas pautas para entenderlo / Mabel Cristina Pilomeno - 3. El digesto jurídico argentino. Interrogantes y oportunidad para fortalecer la seguridad jurídica / Lorena M. Schiariti - 4. La aprobación parlamentaria del digesto jurídico argentino y sus efectos inmediatos / Rodolfo G. Papa - 5. El nuevo digesto jurídico argentino y el proyecto de código civil y comercial: reestructuración del código de comercio en su agonía / Orlando M. Muiño y Efraín H. Richard - 6. Algunas cuestiones a tener presente desde una perspectiva impositiva / Gabriel E. Ludueña y Eugenio Goyeneche - 7. El digesto jurídico argentino y el derecho del trabajo / Diana R. Cañal | ||
| 041 | _aspa | ||
| 942 | _cBK | ||
| 590 | _aniveau_biblio:m niveau_hierar:0 | ||
| 856 | 4 | 1 |
_uhttps://biblioeco.unsa.edu.ar/pmb/images/libros/E00028.jpg _yImagen de portada _qimage/jpeg |
| 999 |
_c3457 _d3457 |
||